Bài giảng tài nguyên sinh vật biển

Nội dung tài liệu gồm: Chương 1: Môi trường biển; Chương 2: Sinh vật phù du và động vật đáy của biển; Chương 3: Nguồn lợi rong biển; Chương 4: Nguồn lợi san hô;...

Wedi'i Gadw mewn:
Manylion Llyfryddiaeth
Prif Awdur: Trương, Quốc Phú
Fformat: Llyfr
Iaith:Undetermined
Cyhoeddwyd: Cần Thơ Trường Đại học Cần Thơ. Khoa Nông nghiệp 2000
Pynciau:
Tagiau: Ychwanegu Tag
Dim Tagiau, Byddwch y cyntaf i dagio'r cofnod hwn!
Thư viện lưu trữ: Trung tâm Học liệu Trường Đại học Cần Thơ
LEADER 00867nam a2200193Ia 4500
001 CTU_39166
008 210402s9999 xx 000 0 und d
082 |a 333.95 
082 |b Ph500 
100 |a Trương, Quốc Phú 
245 0 |a Bài giảng tài nguyên sinh vật biển 
245 0 |c Trương Quốc Phú 
260 |a Cần Thơ 
260 |b Trường Đại học Cần Thơ. Khoa Nông nghiệp 
260 |c 2000 
520 |a Nội dung tài liệu gồm: Chương 1: Môi trường biển; Chương 2: Sinh vật phù du và động vật đáy của biển; Chương 3: Nguồn lợi rong biển; Chương 4: Nguồn lợi san hô;... 
650 |a Biological diversity,Natural resources 
904 |i Giang sửa 
980 |a Trung tâm Học liệu Trường Đại học Cần Thơ